| 000 | 00809nam a22002057a 4500 | ||
|---|---|---|---|
| 999 |
_c15972 _d15972 |
||
| 003 | AR-CdUCM | ||
| 008 | 190430b ||||| |||| 00| 0 spa d | ||
| 040 |
_aMUNICIPALIDAD PROVINCIAL DEL CUSCO _cBIBLIOTECA MUNICIPAL DEL CUSCO |
||
| 082 |
_22ed _a869.812 / _bS21 |
||
| 245 |
_aTeatro de Florencio Sanchez : _bnuestros hijos M`hijo el dotor cédulas de San Juan un buen negocio la pobre gente el pasado / |
||
| 260 |
_aBuenos Aires : _bSopena, _c1945. |
||
| 300 |
_a174 páginas ; _c23 cm. |
||
| 440 |
_aBiblioteca mundial Sopena _910296 |
||
| 505 | _aContenido: Nuestros hijos -- M`hijo el dotor -- Cédulas de San Juan -- Un buen negocio... | ||
| 650 |
_aTeatro argentino _915936 |
||
| 650 |
_aEscenas de teatro _935232 |
||
| 650 |
_aActo único _935233 |
||
| 942 |
_2ddc _cLIBROS |
||
| 945 |
_adavv _d30/04/2019 |
||